Statistics for Top 15 Celebrities Born In 1950

Click here to take the quiz!

General Stats

  • This quiz has been taken 120 times
  • The average score is 6 of 15

Answer Stats

Answer% Correct
Bill Murray
78%
Stevie Wonder
78%
Dr.Phil
71%
Jay Leno
63%
Princess Anne
54%
Karen Carpenter
36%
Tom Petty
36%
William H. Macy
36%
Ron Perlman
32%
Martin Short
30%
Robbie Coltrane
30%
John Candy
25%
Julie Walters
23%
Billy Ocean
18%
Agnetha Faltskog/ Agnetha Bjorn
15%

Score Distribution

Percentile by Number Answered

Percent of People with Each Score

Your Score History

You have not taken this quiz